| 000 | 00839nam a22002415a 4500 | ||
|---|---|---|---|
| 005 | 20161213125700.0 | ||
| 008 | 161213t2015 ii a frb 001 0 eng d | ||
| 020 | _a9789351525394 | ||
| 040 |
_aEG-ScBUE _beng _cEG-ScBUE _dEG-ScBUE |
||
| 082 | 0 | 4 |
_a617.60711 _bJAI _222 |
| 100 | 1 | _aJain, Priyanka. | |
| 245 | 1 | 0 |
_aEssentials in dentistry : _b(student's manual) / _cPriyanka Jain, Balaram Naik ; foreword Ronald S. Brown. |
| 260 |
_aNew Delhi : _bThe Health Sciences Publisher, _cc.2015. |
||
| 300 |
_axviii, 324 p. : _bill. ; _c18 cm. |
||
| 500 | _aIndex : p. [317]-324. | ||
| 504 | _aIncludes bibliographical references. | ||
| 650 | 7 |
_aDentistry _xStudy and teaching. _2BUEsh |
|
| 651 | _2BUEsh | ||
| 653 |
_bDDent _cDecember2016 |
||
| 700 | 1 | _aNaik, Balaram. | |
| 700 | 1 |
_aBrown, Ronald S. _eauthor of introduction, etc. |
|
| 942 | _2ddc | ||
| 999 |
_c23558 _d23530 |
||